000 00478nam a2200181Ia 4500
008 100917s9999 xx 000 0 und d
082 _b52658
100 _aसोनार अनिल
245 _aकाटशह
260 _bदिलीपराज प्रकाशन
_c1982
300 _a168
365 _b22
520 _aकादंबरी
630 _aकाटशह
650 _aकादंबरी
730 _aकाटशह
942 _cBOOK
999 _c658052
_d658049